000 00832cam a2200253 4500
001 B2814
008 090401t1989 xxu||||| |||| 00| 0 eng d
035 _a(Sirsi) u52346
041 _aeng
050 _a336.21
090 _aRICS 1989/85A
110 _aRoyal Institution of Chartered Surveyors
_94900
245 _aLocal Government Finance Act 1988 Non-domestic rating: rating of unoccupied property A response by the Royal Institution of Chartered Surveyors
260 _aLondon
_bRoyal Institution of Chartered Surveyors
_c1989
300 _a3p. ; 30cm.
350 _a0
490 _aGCPPA/Report
_v29 (89)
520 _aA response to the DoE consultation paper of 25 September 1989.
650 _aEMPTY PROPERTY
650 _aNON-DOMESTIC RATING
650 _aRATES AND RATING
942 _n0
948 _c04/03/1997
999 _c93040
_d93040